Central Library OPAC University of Rajshahi

The Indian women's search for an identity / (Record no. 57756)

MARC details
000 -LEADER
fixed length control field 00687nam a2200241 a 4500
001 - CONTROL NUMBER
control field 57756
003 - CONTROL NUMBER IDENTIFIER
rucl marc code BD-RJUL
005 - DATE AND TIME OF LATEST TRANSACTION
control field 20211209080541.0
008 - FIXED-LENGTH DATA ELEMENTS--GENERAL INFORMATION
fixed length control field 161211s1988 ii b 001 0 eng d
035 ## - SYSTEM CONTROL NUMBER
System control number BD-RJUL 57880
040 ## - CATALOGING SOURCE
Original cataloging agency DLC
Transcribing agency DLC
Language of cataloging eng
041 ## - LANGUAGE CODE
Language code of text/sound track or separate title eng
082 ## - DEWEY DECIMAL CLASSIFICATION NUMBER
Classification number 305.40954
Edition number 23
Author mark and year CHI 1988
100 1# - MAIN ENTRY--PERSONAL NAME
Personal name Chatterji, Shoma A.
9 (RLIN) 171521
245 14 - TITLE STATEMENT
Title The Indian women's search for an identity /
Statement of responsibility, etc. Shoma A. Chatterji
260 ## - PUBLICATION, DISTRIBUTION, ETC. (IMPRINT)
Place of publication, distribution, etc. New Delhi :
Name of publisher, distributor, etc. Vikas Pub. House,
Date of publication, distribution, etc. c1988.
300 ## - PHYSICAL DESCRIPTION
Pagination xiii, 261 p. ;
Size 22 cm.
500 ## - GENERAL NOTE
General note Includes index.
504 ## - BIBLIOGRAPHY, ETC. NOTE
Bibliography, etc Bibliography: p. [253]-256.
650 #0 - SUBJECT ADDED ENTRY--TOPICAL TERM
Topical term or geographic name as entry element Women
Geographic subdivision India
9 (RLIN) 171522
942 ## - ADDED ENTRY ELEMENTS (KOHA)
Source of classification or shelving scheme Dewey Decimal Classification
Koha item type Books
Holdings
Lost status Source of classification or shelving scheme Damaged status Not for loan Collection code Permanent Location Current Location Shelving location Date acquired Source of acquisition Cost, normal purchase price Total Checkouts Full call number Date last seen Copy number Koha item type
  Dewey Decimal Classification   Not For Loan Non-fiction Central Library, University of Rajshahi Central Library, University of Rajshahi Reading Room 06/10/1988 Moyunuddin Ahamed, Rajshahi. 495.00   305.40954 CHI 1988 11/12/2016 C-1 Books